|
|
|
|
| LEADER |
00000nam0a2200000 4500 |
| 001 |
378814 |
| 005 |
20231101054826.0 |
| 035 |
|
|
|a (RuTPU)RU\TPU\retro\36275
|
| 035 |
|
|
|a RU\TPU\book\59636
|
| 090 |
|
|
|a 378814
|
| 100 |
|
|
|a 20230615d1972 k y0rusy50 ca
|
| 101 |
0 |
|
|a rus
|
| 102 |
|
|
|a RU
|
| 105 |
|
|
|a a z 001zy
|
| 200 |
1 |
|
|a Схемы автоматического регулирования топлива и питания отечественных прямоточных котлов
|f Н. И. Давыдов
|g Всесоюзный государственный трест по организации и рационализации районных электрических станций и сетей; Под ред. А. С. Рубашкина
|
| 210 |
|
|
|a Москва
|c Энергия
|d 1972
|
| 215 |
|
|
|a 62 с.
|c ил.
|
| 320 |
|
|
|a Библиогр.: с. 59-61.
|
| 610 |
1 |
|
|a автоматическое регулирование
|
| 610 |
1 |
|
|a топливо
|
| 610 |
1 |
|
|a питание
|
| 610 |
1 |
|
|a котлы
|
| 610 |
1 |
|
|a паровые котлы
|
| 610 |
1 |
|
|a температурный режим
|
| 610 |
1 |
|
|a расход
|
| 675 |
|
|
|a 621.187.13
|v 3
|
| 700 |
|
1 |
|a Давыдов
|b Н. И.
|
| 702 |
|
1 |
|a Рубашкин
|b А. С.
|4 340
|
| 712 |
0 |
2 |
|a Всесоюзный государственный трест по организации и рационализации районных электрических станций и сетей (ОРГРЭС)
|c (Москва)
|c (1939-1977)
|2 stltpush
|3 (RuTPU)RU\TPU\col\8705
|
| 801 |
|
1 |
|a RU
|b 63413507
|c 20031010
|g PSBO
|
| 801 |
|
2 |
|a RU
|b 63413507
|c 20230615
|g PSBO
|
| 942 |
|
|
|c BK
|